Sports Quiz

Random Sports or Football Quiz

NFL - AFC TE, 2,000+ YDS Quiz Stats

Quiz Updated Feb 1, 2018

Challenge
Share
Tweet
Embed
Score 0/66 Timer 08:00
0 Plays Today
Team Player % Correct
ChargersAntonio Gates
90.7%
PatriotsRob Gronkowski
87.9%
ChiefsTony Gonzalez
75.6%
ChiefsTravis Kelce
62.6%
SteelersHeath Miller
61.1%
ChargersKellen Winslow
60.3%
BrownsKellen Winslow
60.3%
RaidersZach Miller
60%
ColtsDallas Clark
59.5%
TitansDelanie Walker
56.4%
BroncosShannon Sharpe
54.6%
JaguarsMarcedes Lewis
50%
RavensTodd Heap
40.9%
PatriotsBen Watson
34.3%
RavensDennis Pitta
32.6%
ChargersFreddie Jones
30.8%
PatriotsBen Coates
26.8%
BrownsOzzie Newsome
26.4%
ColtsCoby Fleener
26.1%
RaidersDave Casper
24.2%
TexansOwen Daniels
24.2%
BengalsJermaine Gresham
22.6%
SteelersEric Green
20.3%
TitansFrank Wycheck
18.9%
ColtsJohn Mackey
18%
DolphinsAnthony Fasano
16.1%
RaidersTodd Christensen
15.9%
ChiefsWalter White
13.5%
JaguarsKyle Brady
12.8%
JetsDustin Keller
12.8%
BillsScott Chandler
11.2%
ColtsMarcus Pollard
10.4%
BillsPete Metzelaars
7.7%
Team Player % Correct
PatriotsRuss Francis
7.6%
DolphinsRandy McMichael
7%
TitansAlvin Reed
6.4%
JetsJohnny Mitchell
5.8%
JaguarsPete Mitchell
5.8%
ColtsKen Dilger
5.7%
SteelersBennie Cunningham
5.6%
BengalsBob Trumpy
5.5%
JetsMickey Shuler
5%
BengalsDan Ross
4.9%
ColtsRaymond Chester
3.9%
RaidersRaymond Chester
3.9%
RaidersRickey Dudley
3.5%
BengalsTony McGee
3.5%
TitansBo Scaife
3.2%
JetsRich Caster
3.1%
BroncosRiley Odoms
3.1%
BengalsRodney Holman
2.9%
BillsJay Riemersma
2.8%
JetsJerome Barkum
2.2%
BroncosClarence Kay
2%
DolphinsBruce Hardy
1.7%
RaidersEthan Horton
1.6%
ChiefsFred Arbanas
1.6%
BrownsMilt Morin
1.1%
JetsPete Lammons
1.1%
RaidersBilly Cannon
0.9%
ChargersPete Holohan
0.8%
ChargersWillie Frazier
0.6%
ColtsJim Mutscheller
0.5%
ChargersJacque MacKinnon
0.5%
PatriotsJim Whalen
0.5%
ChargersDave Kocourek
0.5%

You're not logged in!

Compare scores with friends on all Sporcle quizzes.
Sign Up with Email
OR
Log In

You Might Also Like...

Show Comments

Extras

Top Quizzes Today


Score Distribution

Your Account Isn't Verified!

In order to create a playlist on Sporcle, you need to verify the email address you used during registration. Go to your Sporcle Settings to finish the process.

Report this User

Report this user for behavior that violates our Community Guidelines.

Details: